Statistics for A Bible based marriage - according to Betty Bowers

Click here to take the quiz!

General Stats

  • This quiz has been taken 6 times
  • The average score is 4 of 11

Answer Stats

Bible verseA Bible based marriage is...Answer% Correct
.....But it is NOT between one man andanother man
100%
Deuteronomy 22:28-29Between one woman andher rapist
67%
Genesis 1:1 to 2:3Between one man, one woman, andthe son she seduces after he's killed his only brother
33%
Genesis 20:12Between one man andhis sister
33%
Genesis 19:26Between one man anda kitchen condiment
33%
Kings 11:1Between one man and700 wives and 300 concubines
33%
1 Chronicles 2:34Between daddy's little girl andthe slave daddy hired to rape her
33%
Matthew 19:9-29Between one man andas many women as he wants, as long he has them all at once
33%
Genesis 16:3Between one man andthe help
0%
Judges 21:7-23Between one man anda gal he's kidnapped and raped right after her mother, father, brother and slutty sister are slaughtered
0%
1 Chronicles 3:1-9Between one man anda woman, another woman, yet another woman, a few more women, an adulterer, and a pack of raped whores
0%

Score Distribution

Percentile by Number Answered

Percent of People with Each Score

Your Score History

You have not taken this quiz